000
00386nam a2200145Ia 4500
008
230718s9999 xx 000 0 und d
041
_a
Eng.
082
_a
347.05
_b
کیا-م
100
_a
کیانی منیر احمد
245
0
_a
مجموعہ ضابطہ دیوانی
260
_a
Pakistan
_b
کوثر برادرز لاء بک
_c
2001
300
_a
560
650
_a
Law
999
_c
29646
_d
29646